000 00496nam a22002051 4500
001 752997
005 20180301081615.0
008 711013s1966 nyu b 000 0 eng
010 _a 66018545
040 _aDLC
_cDLC
_dDLC
041 _aeng
080 _a230 MAC
082 0 0 _a230 MAC
100 1 _a23
101 _aTEO
245 1 0 _aPrinciples of Christian theology.
504 _aBibliographical footnotes.
906 _a7
_bcbc
_corignew
_du
_eocip
_f19
_gy-gencatlg
942 _2ddc
_cBK
999 _c43848
_d43848